| 000 | 01196nam0a22002531i 4500 | ||
|---|---|---|---|
| 001 | rc\2344721 | ||
| 005 | 20240726000432.0 | ||
| 035 | _a(NLR Aleph) 006588187 | ||
| 090 |
_a7117518 _c7117518 |
||
| 100 | _a20110829d1977 |||y0rusy50 ca | ||
| 101 | 0 | _arus | |
| 102 | _aRU | ||
| 105 | _ay d ||||| | ||
| 200 | 1 |
_aЗначение борьбы за демократию для развития революционного движения в развитых капиталистических странах _e(Страны Зап _eЕвропы) _eАвтореф. дис. на соиск. учен. степени канд. филос. наук _e(09.00.02) |
|
| 210 |
_aМосква _d1977 |
||
| 215 | _a22 с. | ||
| 225 | 1 |
_aМосковский государственный университет им. М.В. Ломоносова. Специализированный совет по теории научного коммунизма № 2 (К-13 _f16) |
|
| 700 | 1 |
_aЮрин _bЭ.И. _gЭдуард Иванович |
|
| 801 | 0 |
_aRU _bNLR _gpsbo |
|
| 801 | 1 |
_aRU _bELAR _2rusmarc |
|
| 852 |
_aNLR _j77-4/17322 |
||
| 899 |
_aRuMoRGB _jДр 349/623 |
||
| 899 |
_aRuMoRGB _jДр 349/624 |
||
| 942 | _cBOOK | ||